000 00620nam a2200217Ia 4500
003 OSt
005 20220926035856.0
006 a|||||r|||| 00| 0
007 ta
008 220923b |||||||| |||| 00| 0 eng d
037 _cGeneral Book
040 _aRTL
_cRTL
_beng
041 _2eng
_aeng
082 _aXxL78x, J7
100 _aFetter Frank Whiston Ed.
_9342888
245 0 _aEconomic writings of Francis Horner
260 _c1957
490 _aSeries of Reprints of Soarce Works on Political Economy,13
942 _hXxL78x, J7
_cGB
_2CC
999 _c663299
_d663299